000 00632nam a22001817a 4500
003 OSt
005 20250822025439.0
008 250822b |||||||| |||| 00| 0 eng d
020 _a0-375-50011-1.
040 _aDWC-Main Lib.
_cOC
100 _aROSENGARTEN, DAVID
245 _aTaste :
_bone palate's journey through the world's greatest dishes/
_cROSENGARTEN, DAVID
260 _aNew York :
_bRandom House,
_cc1998.
300 _a333pages :
_bcolor illustrations ;
_c27cm.
504 _aIncludes index.
650 _a1. International Cooking. 2. Food--Sensory evaluation. 3. Gastronomy.
942 _2ddc
_cBK-CIRC
_hCirc.
_n0
999 _c4157
_d4157